Loading...
The inner reality
| Main Author: | |
|---|---|
| Format: | Printed Book |
| Published: |
Bombay, B I Publications Pvt Ltd
1974
|
| Subjects: |
| LEADER | 005590000a22002050004500 | ||
|---|---|---|---|
| 082 | |a 211 L4 | ||
| 100 | |a Brunton, Paul; Author | ||
| 245 | |a The inner reality | ||
| 260 | |a Bombay, B I Publications Pvt Ltd | ||
| 260 | |c 1974 | ||
| 460 | |a 244p | ||
| 465 | |a Rs. 22.00 | ||
| 500 | |a Includes index | ||
| 500 | |a Paul Brunton | ||
| 650 | |a God | ||
| 650 | |a Philosophy | ||
| 650 | |a Religion | ||
| 942 | |c BK | ||
| 999 | |c 2329 |d 2329 | ||
| 952 | |0 0 |1 0 |4 0 |6 211_000000000000000_L4 |7 0 |8 ENG |9 2121 |a MGUL |b MGUL |d 2013-07-16 |e Rs. 22.00 |l 0 |o 211 L4 |p 03045 |r 2013-07-16 |w 2013-07-16 |y BK | ||